|
|
|
|
| LEADER |
02377nam a2200421 a 4500 |
| 001 |
mzk03000555937 |
| 003 |
CZ BrMZK |
| 005 |
20130214171313.0 |
| 008 |
010907s1590 gw fr|||||00| ||latod |
| 040 |
|
|
|a BOA001
|b cze
|
| 072 |
|
7 |
|a 094
|x Staré tisky
|2 Konspekt
|9 12
|
| 080 |
|
|
|a (0.068)094
|2 MRF
|
| 100 |
0 |
|
|a Ovidius,
|d 43 př. Kr.-asi 18 po Kr.
|7 jn19981001925
|4 aut
|
| 245 |
1 |
0 |
|a Opera.
|n Tomus 2. quo continentur Metamorphoseon libri /
|c Pub. Ovidii Nasonis ; Ex postrema Iacobi Micylli recognitione, et recensione nova Gregorii Bersmani, cum eiusdem aliorumque virorum doctissimorum notationibus
|
| 246 |
3 |
3 |
|a Metamorphoseon libri XV
|
| 250 |
|
|
|a Ac singularum fabularum argumentis, partim veteribus,partim recentibus. Editio secunda aliquot locis priore auctior. Cum gratia & priuilegio S. Caesar. Maiest. & Elect. Saxoniae, ad decennium
|
| 260 |
|
|
|a Lipsiae :
|b imprimebant haeredes Iohannis Steinmanni. Impensis Haeredum Ernesti Voegelini,
|c 1590
|
| 300 |
|
|
|a [16], 650, [21] s. ;
|c 8°
|
| 500 |
|
|
|a Výzdoba: Signety (Vögelin), iniciály, viněty, v textu četné dřevořezy. Na konci předmluvy básnické příspěvky, Iohannes Posthius, Michael Barth, Adamus Siberus, Franc. Modius Brugens
|
| 561 |
|
|
|a Provenience: Jos. G. A. Szalatnay Basileae 1883 a malé exlibris téhož
|
| 561 |
|
|
|a Provenience: viz vazba
|
| 563 |
|
|
|a Původní kožená vazba, světlá vepřovice s figurálální slepotiskovou výzdobou, v orámování hlavičky bez legend, na přední desce ukřižování (Ecce agnus), na zadní zmrtvýchsvstání (Mors ubi); na přední desce monogram P.B.F. 1590
|
| 655 |
|
7 |
|a staré tisky
|7 fd422076
|2 czenas
|
| 700 |
1 |
|
|a Bersmann, Gregor,
|d 1538-1611
|7 mzk2007417270
|4 edt
|
| 700 |
1 |
|
|a Micyllus, Jakob,
|d 1503-1558
|7 ola2007364862
|4 edt
|
| 700 |
1 |
|
|a Modius, François,
|d 1556-1597
|7 ola2007364876
|4 aui
|
| 700 |
1 |
|
|a Barth, Michael,
|d zemř. 1584
|4 aui
|
| 700 |
1 |
|
|a Posthius, Johannes,
|d 1537-1597
|7 jo2006330552
|4 aui
|
| 700 |
1 |
|
|a Siber, Adam,
|d 1516-1584
|7 ola2009481250
|4 aui
|
| 903 |
|
|
|a RP
|
| 910 |
|
|
|a BOA001
|b ST1-0050.334,2
|
| 978 |
|
|
|b Steinmann, Hans - dědici
|a Leipzig
|c 1590
|
| 978 |
|
|
|b Vögelin, Ernst - dědici
|a Leipzig
|c 1590
|
| 985 |
|
|
|a 1551-1600
|
| 990 |
|
|
|a BK
|
| 993 |
|
|
|a Y
|
| 991 |
|
|
|k mzk
|
| 996 |
6 |
|
|b 2619714695
|c ST1-0050.334,2
|l stud. ST
|r Sklad / do násl. otevíracího dne
|n 0
|w 000555937
|u 000010
|a 1
|e BOA001
|s P
|